000
00322nam a2200109Ia 4500
008
171211s9999 xx 000 0 und d
245
_a
Illustrated Dictionary of Microbiology
245
_c
Kiran Kapoor
260
_c
2010
650
_x
Encyclopedia and Dictionary
856
_u
http://down.ebook777.com/040/9789380179322.pdf
999
_c
350232
_d
350232